Wszystkie piosenki maty - Statystyki

Ogólne statystyki
  • Ten quiz został rozwiązany 102 razy
  • Średni wynik to 19 z 46
Statystyki odpowiedzi
Hint Odpowiedź % Poprawnych
60mln+ Patointeligencja
88%
70mln+ Patoreakcja
86%
60mln+ Schodki
81%
70 mln+ Kiss cam
77%
40mln+ Szafir
73%
40mln+ Gombao 33
65%
50mln+ Papuga
65%
30mln+ 100 dni do matury
64%
15mln+ Szmata
63%
1mln+ Blok
54%
10mln+ Patoprohibicja
53%
20mln+ Prawy do lewego
53%
20mln+ Mata montana
50%
20mln+ Żółte flamastry i grube katechetki
50%
15mln+ Biblioteka trap
49%
30mln+ La La la
47%
1mln+ Faka
44%
7mln+ Kurtz
44%
3mln+ Lezore
44%
1mln+ Ikea
42%
3mln+ 2001
41%
7mln+ Piszę to na matmie
40%
5mln+ Mc
38%
3mln+ Młody bachor
38%
1mln+ Wino sangrita
36%
1mln+ Lucky
35%
10mln+ Tango
33%
500tys+ Cafe prl
32%
500tys+ Homo ludens
32%
1mln+ Klubowe
32%
1mln+ 15,2
31%
7mln+ Nasza klasa, ale to drill
31%
1mln+ 67-410
28%
3mln+ Nero
27%
5mln+ Brum brum
26%
500tys+ Camel
22%
500tys+ White mint
22%
1mln+ Kontrakt
21%
1mln+ Diss na prof.
17%
100tys+ Gold
17%
100tys+ Pele
17%
100tys+ ?
14%
500tys+ L&M
14%
5mln+ Nobocotel
9%
3mln+ NBCT freestyle
8%
10mln+ Hot16challange2
1%
Nie znaleziono quizów pasujących do podanych kryteriów
Rozkład punktacji
Procent ludzi z każdym wynikiem
Percentyl według liczby udzielonych odpowiedzi
Twoja historia wyników
Nie rozwiązałeś tego quizu